书目信息 |
| 题名: |
幸福也是一种能力
|
|
| 作者: | 晓羽 编 | |
| 分册: | ||
| 出版信息: | 北京 中国华侨出版社 2016 |
|
| 页数: | 404页 | |
| 开本: | 26cm | |
| 丛书名: | ||
| 单 册: | ||
| 中图分类: | B82-49 | |
| 科图分类: | ||
| 主题词: | 幸福--通俗读物 | |
| 电子资源: | ||
| ISBN: | 978-7-5113-5928-5 | |
| 000 | 00820nam0 2200241 450 | |
| 001 | 012001001415 | |
| 005 | 20140921103355.0 | |
| 010 | @a978-7-5113-5928-5@b精装@dCNY59.00 | |
| 100 | @a20160826d2016 em y0chiy50 ea | |
| 101 | 0 | @achi |
| 102 | @aCN@b110000 | |
| 105 | @ay z 000yy | |
| 106 | @ar | |
| 200 | 1 | @a幸福也是一种能力@9xing fu ye shi yi zhong neng li@f晓羽编 |
| 210 | @a北京@c中国华侨出版社@d2016 | |
| 215 | @a404页@d26cm | |
| 300 | @a全民阅读提升版 | |
| 330 | @a本书共分为幸福是什么:透视幸福的DNA;追求幸福:幸福是至高的财富;当下的幸福:我们并非不快乐;幸福的艺术;幸福的N种方法五篇,其内容包括:解读幸福金字塔的秘密;你为什么不幸福等。 | |
| 606 | 0 | @a幸福@j通俗读物 |
| 690 | @aB82-49@v5 | |
| 701 | 0 | @a晓羽@9xiao yu@4编 |
| 801 | 0 | @aCN@b上海新华@c20180901 |
| 905 | @b1151862-6@dB82-49@e1132@f5 | |
| 幸福也是一种能力/晓羽编.-北京:中国华侨出版社,2016 |
| 404页;26cm |
| 全民阅读提升版 |
| ISBN 978-7-5113-5928-5(精装):CNY59.00 |
| 本书共分为幸福是什么:透视幸福的DNA;追求幸福:幸福是至高的财富;当下的幸福:我们并非不快乐;幸福的艺术;幸福的N种方法五篇,其内容包括:解读幸福金字塔的秘密;你为什么不幸福等。 |
| ● |
| 相关链接 |
|
|
|
|
正题名:幸福也是一种能力
索取号:B82-49/1132
 
预约/预借
| 序号 | 登录号 | 条形码 | 馆藏地/架位号 | 状态 | 备注 |
| 1 | 1151862 | 211518623 | 第一借阅区/ [索取号:B82-49/1132] | 在馆 | |
| 2 | 1151863 | 211518632 | 第一样本阅览室/ [索取号:B82-49/1132] | 在馆 | |
| 3 | 1151864 | 211518641 | 第一借阅区/ [索取号:B82-49/1132] | 在馆 | |
| 4 | 1151865 | 211518650 | 第一借阅区/ [索取号:B82-49/1132] | 在馆 | |
| 5 | 1151866 | 211518669 | 第一借阅区/ [索取号:B82-49/1132] | 在馆 |